Microcomputer applications in manufacturing (Record no. 15332)
[ view plain ]
| 000 -LEADER | |
|---|---|
| fixed length control field | 00632nam a2200193Ia 4500 |
| 003 - CONTROL NUMBER IDENTIFIER | |
| control field | IN-BaIIA |
| 008 - FIXED-LENGTH DATA ELEMENTS--GENERAL INFORMATION | |
| fixed length control field | 211028s9999 xx 000 0 eng d |
| 020 ## - INTERNATIONAL STANDARD BOOK NUMBER | |
| International Standard Book Number | 0-471-50315-0 |
| 040 ## - CATALOGING SOURCE | |
| Transcribing agency | IIA Library |
| 080 ## - UNIVERSAL DECIMAL CLASSIFICATION NUMBER | |
| Universal Decimal Classification number | 519.6 |
| Item number | ULS |
| 100 ## - MAIN ENTRY--PERSONAL NAME | |
| Personal name | Ulsoy, A. Galip |
| 9 (RLIN) | 28288 |
| 245 #0 - TITLE STATEMENT | |
| Title | Microcomputer applications in manufacturing |
| Statement of responsibility, etc. | A Galip Ulsoy and Warren R. Devries |
| 260 ## - PUBLICATION, DISTRIBUTION, ETC. | |
| Place of publication, distribution, etc. | New York |
| Name of publisher, distributor, etc. | John Wiley & Sons |
| Date of publication, distribution, etc. | 1989 |
| 300 ## - PHYSICAL DESCRIPTION | |
| Extent | xi, 368p. |
| 650 ## - SUBJECT ADDED ENTRY--TOPICAL TERM | |
| Topical term or geographic name entry element | Manufacturing processes-data processing |
| 9 (RLIN) | 28289 |
| 650 ## - SUBJECT ADDED ENTRY--TOPICAL TERM | |
| Topical term or geographic name entry element | Microcomputers |
| 9 (RLIN) | 9969 |
| 700 ## - ADDED ENTRY--PERSONAL NAME | |
| Personal name | Devries, Warren R. |
| 9 (RLIN) | 28290 |
| 942 ## - ADDED ENTRY ELEMENTS (KOHA) | |
| Koha item type | Books |
| Withdrawn status | Lost status | Damaged status | Not for loan | Home library | Current library | Shelving location | Date acquired | Cost, normal purchase price | Total Checkouts | Full call number | Barcode | Date last seen | Cost, replacement price | Price effective from | Koha item type | Purchase Price |
|---|---|---|---|---|---|---|---|---|---|---|---|---|---|---|---|---|
| IIA Library-Bangalore | IIA Library-Bangalore | General Stacks | 14/08/2003 | 512.00 | 519.6/ ULS | 16254 | 05/11/2021 | 512.00 | 14/08/2003 | Books | Rs. 512.00 |